[Event "Belgrade Trophy 25th"]
[Site "Obrenovac"]
[Date "2011.11.28"]
[Round "5"]
[White "Nikcevic, Nebojsa"]
[Black "Lazic, Zeljko"]
[Result "1-0"]
[WhiteElo "2412"]
[BlackElo "2216"]
[PlyCount "41"]
[EventDate "2011.11.24"]
[EventType "swiss"]
[EventRounds "9"]
[EventCountry "YUG"]
[SourceTitle "CBM 145 Extra"]
[Source "ChessBase"]
[SourceDate "2012.01.03"]
[SourceVersion "1"]
[SourceVersionDate "2012.01.03"]
[SourceQuality "1"]

1. Nf3 g6 2. d4 Bg7 3. c4 d6 4. Nc3 Bg4 5. e3 Nc6 6. Be2 Nf6 7. h3 Bxf3 8. Bxf3 0-0 9. 0-0 e5 10. Bxc6 bxc6 11. dxe5 dxe5 12. Qa4 Qe8 13. b3 Qe6 14. Ba3 Rfe8 15. Qa5 Rec8 16. Rad1 Nd7 17. Rd2 e4 18. Nxe4 Ne5 19. Nc5 Qf6 20. f4 Bh6 21. Bb2 1-0

[Event "Belgrade Trophy 23rd"]
[Site "Obrenovac"]
[Date "2010.12.02"]
[Round "9"]
[White "Sredojevic, Ivan"]
[Black "Lazic, Zeljko"]
[Result "1-0"]
[WhiteElo "2411"]
[BlackElo "2180"]
[PlyCount "81"]
[EventDate "2010.11.24"]
[EventType "swiss"]
[EventRounds "9"]
[EventCountry "YUG"]
[SourceTitle "CBM 139 Extra"]
[Source "ChessBase"]
[SourceDate "2011.01.05"]
[SourceVersion "1"]
[SourceVersionDate "2011.01.05"]
[SourceQuality "1"]

1. e4 g6 2. d4 Bg7 3. Nc3 d6 4. Be3 Nf6 5. Qd2 Ng4 6. Bg5 h6 7. Bh4 g5 8. Bg3 h5 9. h4 gxh4 10. Bxh4 c6 11. f3 Nf6 12. 0-0-0 Qa5 13. Kb1 Bh6 14. Qe1 Nbd7 15. Bxf6 exf6 16. Nb5 Qxe1 17. Nxd6+ Kf8 18. Rxe1 Bf4 19. Nxc8 Rxc8 20. Ne2 Be3 21. g3 Rd8 22. Rd1 Ne5 23. Bg2 Nc4 24. b3 Na3+ 25. Kb2 Nb5 26. c3 h4 27. gxh4 Ke7 28. f4 Rdg8 29. Bf3 Nd6 30. Kc2 f5 31. e5 Ne4 32. Kd3 Nf2+ 33. Kxe3 Nxd1+ 34. Rxd1 Rxh4 35. Rh1 Rxh1 36. Bxh1 Rh8 37. Bf3 f6 38. c4 a5 39. d5 a4 40. Nd4 fxe5 41. fxe5 1-0

[Event "Belgrade Trophy 23rd"]
[Site "Obrenovac"]
[Date "2010.11.30"]
[Round "7"]
[White "Nestorovic, Dejan"]
[Black "Lazic, Zeljko"]
[Result "1-0"]
[WhiteElo "2397"]
[BlackElo "2180"]
[PlyCount "71"]
[EventDate "2010.11.24"]
[EventType "swiss"]
[EventRounds "9"]
[EventCountry "YUG"]
[SourceTitle "CBM 139 Extra"]
[Source "ChessBase"]
[SourceDate "2011.01.05"]
[SourceVersion "1"]
[SourceVersionDate "2011.01.05"]
[SourceQuality "1"]

1. d4 g6 2. c4 Bg7 3. e4 Nc6 4. Nf3 e5 5. Bg5 f6 6. Be3 d6 7. Nc3 Nh6 8. h3 Nf7 9. d5 Ne7 10. g4 c5 11. Rg1 Bd7 12. h4 h5 13. gxh5 Rxh5 14. Be2 a6 15. Qb3 Rb8 16. a4 Qa5 17. Ra3 Bh6 18. Kd2 Bxe3+ 19. fxe3 Nh6 20. Qd1 Bg4 21. Qf1 f5 22. exf5 Qb4 23. Kc1 gxf5 24. Qf2 Ng6 25. Rh1 Nf7 26. Nd2 Bxe2 27. Nxe2 e4 28. Ng3 Rxh4 29. Rxh4 Nxh4 30. Ngxe4 fxe4 31. Qxh4 Kd7 32. Qh7 Rf8 33. Rb3 Qxa4 34. Rxb7+ Ke8 35. Qh4 Ng5 36. Rb8+ 1-0

[Event "Belgrade Trophy 23rd"]
[Site "Obrenovac"]
[Date "2010.11.28"]
[Round "5"]
[White "Rajkovic, Dusan"]
[Black "Lazic, Zeljko"]
[Result "0-1"]
[WhiteElo "2425"]
[BlackElo "2180"]
[PlyCount "112"]
[EventDate "2010.11.24"]
[EventType "swiss"]
[EventRounds "9"]
[EventCountry "YUG"]
[SourceTitle "CBM 139 Extra"]
[Source "ChessBase"]
[SourceDate "2011.01.05"]
[SourceVersion "1"]
[SourceVersionDate "2011.01.05"]
[SourceQuality "1"]

1. d4 g6 2. c4 Bg7 3. Nc3 d6 4. e4 Nc6 5. Nge2 e5 6. d5 Nce7 7. h4 f5 8. h5 Nf6 9. exf5 Nxf5 10. hxg6 hxg6 11. Rxh8+ Bxh8 12. Bg5 Qd7 13. Qc2 Qf7 14. 0-0-0 Bd7 15. f3 Nh7 16. Bd2 0-0-0 17. Ne4 Kb8 18. Kb1 Nf6 19. Bg5 Re8 20. N2c3 Nd4 21. Qf2 Bf5 22. Bd3 Bg7 23. a3 Rh8 24. Ka2 Bd7 25. Be3 Nxe4 26. Nxe4 Ba4 27. Rc1 Bd7 28. Rd1 b6 29. Bxd4 exd4 30. Nd2 g5 31. Be4 g4 32. Qe2 Qf4 33. Qd3 Rh2 34. fxg4 Bxg4 35. Re1 Qf2 36. Rb1 Be2 37. Qc2 d3 38. Bxd3 Rxg2 39. Ne4 Qf3 40. Qa4 Qf7 41. Bxe2 Rxe2 42. Ng5 Qg6 43. Ne6 Rxe6 44. dxe6 Qxe6 45. Qc6 Qf6 46. Qg2 Qf7 47. Rc1 a5 48. Rc2 Bd4 49. Qc6 Bc5 50. Rc3 Qe6 51. Kb3 Qc8 52. Ka4 Qb7 53. Qd7 Qg2 54. Kb3 Bd4 55. Qh3 a4+ 56. Ka2 Qd2 0-1

[Event "Belgrade Trophy 23rd"]
[Site "Obrenovac"]
[Date "2010.11.24"]
[Round "1"]
[White "Rosandic, Martin"]
[Black "Lazic, Zeljko"]
[Result "0-1"]
[WhiteElo "1761"]
[BlackElo "2180"]
[PlyCount "100"]
[EventDate "2010.11.24"]
[EventType "swiss"]
[EventRounds "9"]
[EventCountry "YUG"]
[SourceTitle "CBM 139 Extra"]
[Source "ChessBase"]
[SourceDate "2011.01.05"]
[SourceVersion "1"]
[SourceVersionDate "2011.01.05"]
[SourceQuality "1"]

1. d4 g6 2. Nf3 Bg7 3. c4 d6 4. g3 Nf6 5. Nc3 0-0 6. Bg2 Nc6 7. 0-0 Bf5 8. Nh4 Bd7 9. a3 Qc8 10. Re1 Bh3 11. Bh1 Nd7 12. Nf3 Bg4 13. Nd5 e6 14. Nb4 Bxf3 15. exf3 Nxd4 16. f4 c5 17. Nc2 Nb3 18. Rb1 Nxc1 19. Qxc1 Nb8 20. Qd1 Rd8 21. Bf3 Nc6 22. h4 Nd4 23. Nxd4 Bxd4 24. h5 Rb8 25. hxg6 hxg6 26. Qd3 a6 27. b4 Qd7 28. b5 Qc7 29. b6 Qd7 30. Qc2 Re8 31. Kg2 Qe7 32. Be4 Qd7 33. Bf3 Kg7 34. Rh1 d5 35. Rh4 Bf6 36. Rg4 Rbc8 37. cxd5 exd5 38. Rd1 Bd4 39. f5 Rc6 40. Qd3 Rxb6 41. Rxd4 cxd4 42. Qxd4+ Rf6 43. fxg6 fxg6 44. g4 g5 45. Bxd5 Re2 46. Rd2 Rxd2 47. Qxd2 Qxg4+ 48. Kf1 Qf4 49. Qb2 b5 50. Qc3 Qxf2# 0-1

[Event "SRB-chT 1st League"]
[Site "Valjevo"]
[Date "2010.09.23"]
[Round "8"]
[White "Vuckovic, Branko"]
[Black "Lazic, Zeljko"]
[Result "0-1"]
[WhiteElo "2243"]
[BlackElo "2183"]
[PlyCount "54"]
[EventDate "2010.09.18"]
[EventType "team"]
[EventRounds "11"]
[EventCountry "SRB"]
[SourceTitle "CBM 138 Extra"]
[Source "ChessBase"]
[SourceDate "2010.10.29"]
[SourceVersion "1"]
[SourceVersionDate "2010.10.29"]
[SourceQuality "1"]

1. e4 g6 2. d4 Bg7 3. Be3 c5 4. Nc3 cxd4 5. Bxd4 Nf6 6. Nd5 e6 7. Nxf6+ Bxf6 8. Bxf6 Qxf6 9. c3 0-0 10. Nf3 d5 11. e5 Qg7 12. h4 Nc6 13. Qe2 b5 14. Qe3 Rb8 15. h5 Bd7 16. Bd3 b4 17. g4 bxc3 18. bxc3 f6 19. hxg6 hxg6 20. Rh6 Be8 21. 0-0-0 fxe5 22. Rdh1 e4 23. Nd4 Nxd4 24. cxd4 exd3 25. Qxe6+ Bf7 26. Qf6 Qxf6 27. Rh8+ Qxh8 0-1

[Event "SRB-chT 1st League"]
[Site "Valjevo"]
[Date "2010.09.21"]
[Round "5"]
[White "Lazic, Zeljko"]
[Black "Misailovic, Nebojsa"]
[Result "0-1"]
[WhiteElo "2183"]
[BlackElo "2303"]
[PlyCount "92"]
[EventDate "2010.09.18"]
[EventType "team"]
[EventRounds "11"]
[EventCountry "SRB"]
[SourceTitle "CBM 138 Extra"]
[Source "ChessBase"]
[SourceDate "2010.10.29"]
[SourceVersion "1"]
[SourceVersionDate "2010.10.29"]
[SourceQuality "1"]

1. e4 c5 2. Nf3 e6 3. c3 Nf6 4. e5 Nd5 5. d4 cxd4 6. Qxd4 Nc6 7. Qe4 f5 8. exf6 Nxf6 9. Qh4 Be7 10. Bd3 0-0 11. Bg5 h6 12. Bxf6 Rxf6 13. Qe4 d5 14. Qh7+ Kf7 15. Nbd2 Qg8 16. Qxg8+ Kxg8 17. 0-0 Bd7 18. Bc2 Raf8 19. Rad1 Bc5 20. Nc4 g5 21. b4 Be7 22. Nce5 Be8 23. Nxc6 Bxc6 24. Ne5 Bb5 25. Bd3 Ba4 26. Rde1 h5 27. Ng6 R8f7 28. Re5 Bd6 29. Rxg5 Rg7 30. h4 Be8 31. Ne5 Kf8 32. f4 Rc7 33. Bg6 Rxc3 34. Bxe8 Kxe8 35. Rxh5 Bxb4 36. Rh8+ Rf8 37. Rh7 Bc5+ 38. Kh2 Bd6 39. Ng6 Rf7 40. Rh8+ Kd7 41. h5 e5 42. h6 exf4 43. h7 Rc8 44. Rxc8 Rxh7+ 45. Kg1 Kxc8 46. Rd1 Rh6 0-1

[Event "SRB-chT 1st League"]
[Site "Vrnjacka Banja"]
[Date "2009.09.24"]
[Round "9"]
[White "Irizanin, Radoje"]
[Black "Lazic, Zeljko"]
[Result "1-0"]
[WhiteElo "2303"]
[BlackElo "2181"]
[PlyCount "83"]
[EventDate "2009.09.19"]
[EventType "team-swiss"]
[EventRounds "11"]
[EventCountry "YUG"]
[SourceTitle "CBM 132 Extra"]
[Source "ChessBase"]
[SourceDate "2009.11.03"]
[SourceVersion "1"]
[SourceVersionDate "2009.11.03"]
[SourceQuality "1"]

1. e4 g6 2. Nc3 c5 3. f4 Bg7 4. Nf3 Nc6 5. Bb5 Nd4 6. Bd3 d6 7. Nxd4 Bxd4 8. Ne2 Bg7 9. 0-0 Nf6 10. c3 0-0 11. Bc2 a6 12. Kh1 c4 13. a4 Qa5 14. d4 cxd3 15. Bxd3 Bd7 16. f5 Bc6 17. Ng3 b5 18. b4 Qb6 19. a5 Qc7 20. Bg5 Rfe8 21. Rc1 Qb7 22. Qb3 Rf8 23. Rf4 Rac8 24. Rcf1 Qc7 25. Ne2 d5 26. Bxf6 Bxf6 27. exd5 Qd6 28. fxg6 hxg6 29. Be4 Bb7 30. R4f3 Rc4 31. Ng3 Qe5 32. Qb1 Kg7 33. Nf5+ gxf5 34. Bd3 Rh8 35. h3 Bxd5 36. Bxc4 Bxf3 37. Rxf3 bxc4 38. Rxf5 Qxc3 39. Qe4 Rd8 40. Rh5 Rh8 41. Qg4+ Bg5 42. Rxg5+ 1-0

[Event "SRB-chT 1st League"]
[Site "Vrnjacka Banja"]
[Date "2009.09.22"]
[Round "6"]
[White "Lazic, Zeljko"]
[Black "Milenkovic, Mladen"]
[Result "0-1"]
[WhiteElo "2181"]
[BlackElo "2341"]
[PlyCount "62"]
[EventDate "2009.09.19"]
[EventType "team-swiss"]
[EventRounds "11"]
[EventCountry "YUG"]
[SourceTitle "CBM 132 Extra"]
[Source "ChessBase"]
[SourceDate "2009.11.03"]
[SourceVersion "1"]
[SourceVersionDate "2009.11.03"]
[SourceQuality "1"]

1. e4 c5 2. Nf3 Nc6 3. c3 Nf6 4. Bd3 g6 5. Bc2 Bg7 6. 0-0 0-0 7. d4 cxd4 8. cxd4 d5 9. e5 Ne4 10. h3 Bf5 11. Re1 Nb4 12. Bb3 Rc8 13. a3 Nxf2 14. Qd2 Nbd3 15. Rf1 Rxc1 16. Rxc1 Nxc1 17. Qxc1 Nd3 18. Qe3 Nxb2 19. Nbd2 b5 20. g4 Be6 21. a4 Qa5 22. Ra2 Nxa4 23. Bxa4 bxa4 24. Nb3 Qb4 25. Nbd2 Rc8 26. Qa3 Qxa3 27. Rxa3 Bd7 28. Kf2 e6 29. Ne1 Bb5 30. Nb1 Rc4 31. Rd3 Rc1 0-1

[Event "SRB-chT 1st League"]
[Site "Vrnjacka Banja"]
[Date "2009.09.22"]
[Round "5"]
[White "Lazic, Zeljko"]
[Black "Stamenkovic, Dragan"]
[Result "1/2-1/2"]
[WhiteElo "2181"]
[BlackElo "2391"]
[PlyCount "67"]
[EventDate "2009.09.19"]
[EventType "team-swiss"]
[EventRounds "11"]
[EventCountry "YUG"]
[SourceTitle "CBM 132 Extra"]
[Source "ChessBase"]
[SourceDate "2009.11.03"]
[SourceVersion "1"]
[SourceVersionDate "2009.11.03"]
[SourceQuality "1"]

1. e4 c5 2. Nf3 d6 3. c3 Nf6 4. Bc4 e6 5. Qe2 Nc6 6. d4 cxd4 7. cxd4 d5 8. exd5 Nxd5 9. 0-0 Be7 10. Nc3 0-0 11. Rd1 a6 12. Ne5 Nxe5 13. Qxe5 Nxc3 14. bxc3 b5 15. Bb3 Bb7 16. Bf4 Rc8 17. Rd3 Bf6 18. Qe2 Qa5 19. Bd2 Qc7 20. Qg4 Rfd8 21. Bh6 Kh8 22. Bg5 Bxg5 23. Qxg5 h6 24. Rh3 Kg8 25. Qh5 Qe7 26. Re1 Qg5 27. Qxg5 hxg5 28. Rg3 Bd5 29. h3 Bxb3 30. axb3 b4 31. cxb4 Rxd4 32. Rxg5 Rxb4 33. Ra5 Rc6 34. Rea1 1/2-1/2

[Event "SRB-chT2"]
[Site "Golubac"]
[Date "2008.09.24"]
[Round "7"]
[White "Lazic, Zeljko"]
[Black "Stankovic, Milos"]
[Result "1/2-1/2"]
[WhiteElo "2207"]
[BlackElo "2155"]
[PlyCount "94"]
[EventDate "2008.09.20"]
[EventType "team-tourn"]
[EventRounds "11"]
[EventCountry "YUG"]
[SourceTitle "EXT 2010"]
[Source "ChessBase"]
[SourceDate "2010.11.25"]
[SourceVersion "1"]
[SourceVersionDate "2010.11.25"]
[SourceQuality "1"]

1. d4 Nf6 2. Bg5 Ne4 3. Bf4 c5 4. c3 d5 5. e3 Nc6 6. Nd2 Nxd2 7. Qxd2 Bf5 8. Nf3 e6 9. Ne5 f6 10. Nf3 Bd6 11. dxc5 Bxc5 12. Nd4 Bxd4 13. exd4 0-0 14. Be2 e5 15. Be3 exd4 16. Bxd4 Nxd4 17. Qxd4 Re8 18. Rd1 Re4 19. Qxd5+ Qxd5 20. Rxd5 Be6 21. Rd2 Bxa2 22. 0-0 Rae8 23. Bf3 Re1 24. Rd1 Rxf1+ 25. Rxf1 b6 26. h4 Bb3 27. Ra1 Re7 28. Ra3 Bc2 29. c4 Kf8 30. b4 Be4 31. Bd1 Rc7 32. Be2 Bc6 33. Bd3 g6 34. Kh2 Ke7 35. h5 f5 36. Kg3 Kf6 37. hxg6 hxg6 38. f4 Be4 39. Be2 Re7 40. Bf1 Rd7 41. c5 Rd4 42. Rxa7 Rxb4 43. Ra6 Rb3+ 44. Kh2 Kg7 45. cxb6 Rb1 46. Bc4 Rb2 47. Ra7+ Kh6 1/2-1/2